000 00741nam a22002177a 4500
999 _c65341
_d65341
005 20240530110819.0
008 190711s2017 sy f 000 0 ara d
020 _a9789933410259
040 _aEG-CaGPL
_cEG-CaGPL
082 0 4 _221
_a915.65/
_bأ م
100 0 _aاحمد وصفى زكريا
245 1 2 _aالمشاهد والاثار فى بلاد الشام /
_cتاليف احمد وصفى زكريا
260 _aدمشق :
_bدار ومؤسسة رسلان،
_c2017.
300 _a466 ص. ؛
_c24 سم.
650 _2qrmak
651 0 7 _2qrmak
_aدمشق
_xوصف ورحلات
651 0 7 _2qrmak
_aدمشق
_xتاريخ
651 0 7 _2qrmak
_aدمشق
_xاثار
942 _2ddc
_cBK